000 00913cam a22001934a 4500
005 20250605164123.0
008 250528s ||||||||||||||||||||||||d
035 _a18338
020 _a1152
040 _aGR-AtMCL
_bgre
_dGR-AtMCL
_eAACR2
245 1 _aΜαθήματα Αναλύσεως Διακυμάνσεως
260 _bΣταμούλης Α,
_c1989
300 _a176
520 _aΕισαγωγή, Το Γραμμικό Υπόδειγμα με Σταθερή (Μη Πλήρους Τάξεως) Μήτρα Σχεδιασμού, Το Κανονικό Γραμμικό Υπόδειγμα, Ανάλυση Διασποράς κατά Ένα Παράγοντα, Ανάλυση Διασποράς κατά Δύο Παράγοντες, Παράρτημα: Πίνακες, Βιβλιογραφία.
700 1 _aΚαφφές Δημήτριος Γ
_94612
942 _cBK
999 _c3701
_d3701